000 00495nam a2200157Ia 4500
005 20260113163323.0
008 191130s2009##################000#0#eng##
020 _a9783131467218
082 _a618.3644
_bLAZ
100 _aJohn H. Lazarus, Valdis Pirags, and Sigrid Butz.
245 _aThe Thyroid and reproduction: Merck European Thyroid symposium, Riga 2009
_cLazarus
250 _a1st ed
260 _aNew York
_bThieme Publishing Group
_c2009
300 _aix, 174 p.:ill
942 _cENGLISH
999 _c73095
_d73095